000
00301nam a22001337a 4500
999
_c
160346
_d
160346
020
_a
082
_a
_b
100
_a
Bhishma Sahni
245
_a
Kabira khara bazar mein/
_c
by Bhishma Sahni .
260
_a
New Delhi:
_b
Rajkamal Prakashan,
_c
2005.
300
_a
650
_a
942
_c
BK